00366nam a2200145Ia 450000500170000000800410001702000180005808200210007610000230009724500390012025000110015926000290017030000120019944000090021120240626085312.0240126s9999 xx 000 0 und d a9780736051019 a612.76 MCG;1 R aMcGinnis, Peter M. 0aBiomechanics of sport and exercise a2nd ed bHuman KineticsaUSc2005 axi, 411 aNULL